Growing up in public /

In Growing Up Public, his American debut, García explores the tribulations of a young artist on the cusp. As he enters his thirties, his world is being shaped and shaken by the big money takeover of local culture, his love-hate relationship with art and music and the ever-more elusive women he tries...

Full description

Bibliographic Details
Main Author: García, Ezequiel, 1975- (Author)
Format: Book
Language:English
Published: Seattle : Fantagraphics Books, Inc., [2016]
Edition:First Fantagraphic Books edition.
Subjects:

MARC

Tag First Indicator Second Indicator Subfields
LEADER 00000cam a2200000 i 4500
001 in00003737421
005 20170926143200.0
008 160224t20162016waua 6 000 1 eng
010 |a  2016934398 
020 |a 9781606999363 (pbk.) 
020 |a 1606999362 (pbk.) 
035 |a (OCoLC)ocn923794221 
040 |a DLC  |e rda  |c DLC  |d UtOrBLW 
049 |a TXAM 
050 0 0 |a PN6790.A73  |b G374 2016 
082 0 0 |a 741.5/982  |2 23 
100 1 |a García, Ezequiel,  |d 1975-  |e author,  |e artist.  |0 http://id.loc.gov/authorities/names/no2014141207 
245 1 0 |a Growing up in public /  |c Ezequiel García. 
250 |a First Fantagraphic Books edition. 
264 1 |a Seattle :  |b Fantagraphics Books, Inc.,  |c [2016] 
264 4 |c ©2016 
300 |a 110 pages :  |b illustrations ;  |c 24 x 24 cm. 
336 |a text  |b txt  |2 rdacontent 
336 |a still image  |b sti  |2 rdacontent 
337 |a unmediated  |b n  |2 rdamedia 
338 |a volume  |b nc  |2 rdacarrier 
520 |a In Growing Up Public, his American debut, García explores the tribulations of a young artist on the cusp. As he enters his thirties, his world is being shaped and shaken by the big money takeover of local culture, his love-hate relationship with art and music and the ever-more elusive women he tries to connect with. 
650 0 |a Artists  |v Comic books, strips, etc. 
655 7 |a Graphic novels.  |2 lcgft  |0 http://id.loc.gov/authorities/genreForms/gf2014026362 
945 |b 767433 
947 |a A14843447286 
948 |a cataloged  |b h  |c 2016/9/22  |d c  |e dmitchel  |f 11:20:10 am 
994 |a 92  |b TXA 
999 f f |s 34d46ef0-2a91-31da-89d8-9ebffa5f344a  |i f582332c-49bf-3998-9c2e-3aac189e8b8c  |t 0 
952 f f |p normal  |a Texas A&M University  |b College Station  |c Sterling C. Evans Library  |d Evans: Library Stacks  |t 0  |e PN6790.A73 G374 2016  |h Library of Congress classification  |i unmediated -- volume  |m A14843447286 
998 f f |a PN6790.A73 G374 2016  |t 0  |l Evans: Library Stacks